| 000 | 00764nam a22001937a 4500 | ||
|---|---|---|---|
| 005 | 20100727162050.0 | ||
| 010 | _aENG-97055 | ||
| 020 |
_a9788190794909 _c65.00 |
||
| 035 | _aEN-80588 | ||
| 037 | _bDBAD/PUB | ||
| 082 | _a546.22 | ||
| 100 |
_aKannan, R _91938 |
||
| 245 |
_aWater chemistry: _bphysico - chemical analysis of drinking water / _cby R. Kannan |
||
| 260 |
_aTamilnadu _bSri Murugan Publications _c2008 |
||
| 270 |
_aRajarajan Vaniga Vaniga Valaga Arangam (New Thiruvalluvar Theatre) Thanjavur-1, Tamilnadu _bTamilnadu |
||
| 300 |
_a70p.: _bill. _c20cm (pbk) |
||
| 942 |
_2ddc _cEN _h546.22 _mKAN |
||
| 999 |
_c37985 _d37985 |
||